No more excuses for delivering mediocre buildings, says CABE (Record no. 73580)
[ view plain ]
| 000 -LEADER | |
|---|---|
| fixed length control field | 01300cam a2200229 4500 |
| 001 - CONTROL NUMBER | |
| control field | WB3938-01 |
| 008 - FIXED-LENGTH DATA ELEMENTS--GENERAL INFORMATION | |
| fixed length control field | 031009n2003 000 0 eng u |
| 035 ## - SYSTEM CONTROL NUMBER | |
| System control number | (Sirsi) u123883 |
| 245 ## - TITLE STATEMENT | |
| Title | No more excuses for delivering mediocre buildings, says CABE |
| 260 ## - PUBLICATION, DISTRIBUTION, ETC. | |
| Date of publication, distribution, etc. | 2003 |
| 490 ## - SERIES STATEMENT | |
| Series statement | CABE Press Release |
| Volume/sequential designation | 7 October 2003, (3) |
| 520 ## - SUMMARY, ETC. | |
| Summary, etc. | "Creating excellent buildings: a guide for clients" is launched by CABE. It lists ten factors required for the success of a building project. It insists that every project needs a client committed to design, and an ability to balance the pressures of cost, time and quality. It also outlines the client's role in delivering design quality for their building projects. The guide is published in conjunction with a series of workshops. |
| 590 ## - LOCAL NOTE (RLIN) | |
| Local note | WB |
| 650 ## - SUBJECT ADDED ENTRY--TOPICAL TERM | |
| Topical term or geographic name entry element | CABE |
| 650 ## - SUBJECT ADDED ENTRY--TOPICAL TERM | |
| Topical term or geographic name entry element | BUILDING PROJECTS |
| 650 ## - SUBJECT ADDED ENTRY--TOPICAL TERM | |
| Topical term or geographic name entry element | DESIGN |
| 650 ## - SUBJECT ADDED ENTRY--TOPICAL TERM | |
| Topical term or geographic name entry element | CLIENT BRIEFING |
| 690 ## - LOCAL SUBJECT ADDED ENTRY--TOPICAL TERM (OCLC, RLIN) | |
| Topical term or geographic name as entry element | BUILDING AND CONSTRUCTION-PROJECTS |
| 856 ## - ELECTRONIC LOCATION AND ACCESS | |
| Uniform Resource Identifier | <a href="https://www.cabe.org.uk/KDBVR8Z6khY=6k29WdDzeb-/news/press/press_release.html?press_release_id=272">https://www.cabe.org.uk/KDBVR8Z6khY=6k29WdDzeb-/news/press/press_release.html?press_release_id=272</a> |
| -- | A copy of the press release is available from the CABE website... |
| 856 ## - ELECTRONIC LOCATION AND ACCESS | |
| Uniform Resource Identifier | <a href="https://www.cabe.org.uk/uRMpmKU9EhO=SB3EgFT6vW-/publications/index.html">https://www.cabe.org.uk/uRMpmKU9EhO=SB3EgFT6vW-/publications/index.html</a> |
| Public note | A copy of the publication is available from the CABE website... |
| 942 ## - ADDED ENTRY ELEMENTS (KOHA) | |
| Suppress in OPAC | 0 |
| Withdrawn status | Lost status | Source of classification or shelving scheme | Damaged status | Not for loan | Home library | Current library | Shelving location | Date acquired | Total Checkouts | Full call number | Barcode | Date last seen | Copy number | Price effective from | Koha item type |
|---|---|---|---|---|---|---|---|---|---|---|---|---|---|---|---|
| Dewey Decimal Classification | London | London | News article | 09/10/2003 | WB3938-1001 | 123883-1001 | 06/08/2019 | 1 | 06/08/2019 | News article |